Science Quiz

Random Science or Christmas Quiz

The 12 Animals of Christmas! Quiz Stats

 Plays Quiz Updated Dec 15, 2017

Challenge
Share
Tweet
Score 0/12 Timer 06:00
5 Plays Today
% Correct
D (A: pelicans; B: puffins; C: flamingoes)
94.6%
B (A: Louisiana heron; C:penguin; D: ostrich)
92.3%
A (B: golden-ringed dragonfly; C: gold-ringed tanager; D: gold-ringed batfish)
88%
D (A: geese; B: ducks; C: turkeys)
87%
A (B: pigeons; C: hawks; D: lovebirds)
85.7%
B (A: robin; C: waxwing; D: parrot)
83.1%
A (B: narwhal; C: sand lizard: D: sea squirt)
78.1%
C (A: crows; B: vultures; D: magpies)
71.7%
A: copepod (B: orca; C: salmon; D: springbok)
57.8%
C: horse (A: sheep; B: reindeer; D: yak)
55.4%
C: Palm cockatoo (A: jumping spider; B: double drummer; D: woodpecker)
42.5%
B: stoat (A: peacock spider; C: elephant; D: blue-footed boobies)
34%

You're not logged in!

Compare scores with friends on all Sporcle quizzes.
OR
Log In

You Might Also Like...

Show Comments

Extras

Top Quizzes Today


Score Distribution

Your Account Isn't Verified!

In order to create a playlist on Sporcle, you need to verify the email address you used during registration. Go to your Sporcle Settings to finish the process.

Report this User

Report this user for behavior that violates our Community Guidelines.

Details: